| 000 | 00554cam a22001817a 4500 | ||
|---|---|---|---|
| 001 | 001151 | ||
| 003 | armpunfd | ||
| 005 | 20140612090631.0 | ||
| 008 | 020813e0####xx#a##########000#0#und#d | ||
| 040 |
_aarmpunfd _carmpunfd |
||
| 080 | _a347 (821.2) C 498 | ||
| 245 | 1 | 0 | _aCodigo procesal civil y comercial : de la provincia de buenos aires |
| 260 |
_a Uenos Aires : Pensamiento Juridico _b1986. 414 P. |
||
| 650 | 7 |
_a Codigo Procesal Civil _2LEMB |
|
| 650 | 7 |
_a Codigo Procesal Comercial _2LEMB |
|
| 942 |
_cLB _2cdu |
||
| 945 |
_aCatalis _d2010-08-19 |
||
| 999 |
_c1142 _d231646 |
||